America observed : (Record no. 118781)
[ view plain ]
| 000 -LEADER | |
|---|---|
| fixed length control field | 01219cam a2200289 a 4500 |
| 001 - CONTROL NUMBER | |
| control field | 2439295 |
| 003 - CONTROL NUMBER IDENTIFIER | |
| control field | ARRUPE |
| 005 - DATE AND TIME OF LATEST TRANSACTION | |
| control field | 20131127133031.0 |
| 008 - FIXED-LENGTH DATA ELEMENTS--GENERAL INFORMATION | |
| fixed length control field | 880615r19891988nyu 000 0 eng |
| 010 ## - LIBRARY OF CONGRESS CONTROL NUMBER | |
| LC control number | 88045441 |
| 020 ## - INTERNATIONAL STANDARD BOOK NUMBER | |
| International Standard Book Number | 0394573420 : |
| Terms of availability | $19.95 |
| 040 ## - CATALOGING SOURCE | |
| Original cataloging agency | DLC |
| Transcribing agency | DLC |
| Modifying agency | DLC |
| 043 ## - GEOGRAPHIC AREA CODE | |
| Geographic area code | n-us--- |
| 050 00 - LIBRARY OF CONGRESS CALL NUMBER | |
| Classification number | E743 |
| Item number | .C64 1988 |
| 300 ## - PHYSICAL DESCRIPTION | |
| Dimensions | 22 cm. |
| 100 1# - MAIN ENTRY--PERSONAL NAME | |
| Personal name | Cooke, Alistair, |
| Dates associated with a name | 1908-2004. |
| 9 (RLIN) | 4216 |
| 245 10 - TITLE STATEMENT | |
| Title | America observed : |
| Remainder of title | from the 1940s to the 1980s / |
| Statement of responsibility, etc | Alistair Cooke ; selected and introduced by Ronald A. Wells. |
| 260 ## - PUBLICATION, DISTRIBUTION, ETC. (IMPRINT) | |
| Place of publication, distribution, etc | New York : |
| Name of publisher, distributor, etc | Knopf : |
| -- | Distributed by Random House, |
| Date of publication, distribution, etc | 1989, c1988. |
| 300 ## - PHYSICAL DESCRIPTION | |
| Extent | xiii, 232 p. ; |
| 500 ## - GENERAL NOTE | |
| General note | "All but four of the pieces in this book were filed as daily dispatches to what was then known as the Manchester Guardian between 1946 and 1972"--P. xi. |
| 500 ## - GENERAL NOTE | |
| General note | "Originally published in Great Britain by Penguin Books Ltd., London"--T.p. verso. |
| 651 #0 - SUBJECT ADDED ENTRY--GEOGRAPHIC NAME | |
| Geographic name | United States |
| General subdivision | Politics and government |
| Chronological subdivision | 1945-1989. |
| 9 (RLIN) | 4217 |
| 651 #0 - SUBJECT ADDED ENTRY--GEOGRAPHIC NAME | |
| Geographic name | United States |
| General subdivision | Social life and customs |
| Chronological subdivision | 1945-1970. |
| 9 (RLIN) | 4218 |
| 700 1# - ADDED ENTRY--PERSONAL NAME | |
| Personal name | Wells, Ronald, |
| Dates associated with a name | 1941- |
| 9 (RLIN) | 4219 |
| 906 ## - LOCAL DATA ELEMENT F, LDF (RLIN) | |
| a | 7 |
| b | cbc |
| c | orignew |
| d | 1 |
| e | ocip |
| f | 19 |
| g | y-gencatlg |
| 942 ## - ADDED ENTRY ELEMENTS (KOHA) | |
| Source of classification or shelving scheme | Library of Congress Classification |
| Koha item type | Monograph ( Printed materials) |
| Withdrawn status | Lost status | Source of classification or shelving scheme | Damaged status | Not for loan | Home library | Current library | Shelving location | Date acquired | Total Checkouts | Full call number | Barcode | Date last seen | Price effective from | Koha item type |
|---|---|---|---|---|---|---|---|---|---|---|---|---|---|---|
| Library of Congress Classification | ARRUPE LIBRARY | ARRUPE LIBRARY | Main Collection | 27/11/2013 | E743 .C64 1988 | 46410855 | 13/12/2017 | 27/11/2013 | Monograph ( Printed materials) |